=LDR 00000nam 2200000 4500 =001 INLIS000000000034844 =005 20130612140734 =008 ***********************************ind** =035 ##$$0010-061300000034844 =041 ##$$a ind =082 ##$$a 808.7 =090 ##$$a 808.7, Pra s =100 ##$$a Pranata, Xavier Quentin =245 ##$$a 100 Ngakak anak/oleh Xavier Quentin Pranata; Editor,Hernita P =260 ##$$a [S.a] $b Yogyakarta =300 ##$$a iv,66 hlm., 16 cm =650 ##$$a Humor =700 ##$$a Hernita P =850 ##$$a NBPNMAT